000
00231nam a2200097Ia 4500
008
120527s9999 xx 000 0 und d
100
_a
Adamu S. O. et al.
245
_a
Statistics for beginners book 1
260
_b
SAAL
942
_c
BK
999
_c
16097
_d
16097